000 00664nas a2200241 4500
001 BR2013010157
003 BR-BrBNA
005 20231205123451.0
007 ta
008 230509b bl.|||p| |||| 00| 00por d
040 _aBR-BrBNA
_bpor
_cBiblioteca Nacional de Agricultura
041 _a(Pt)
072 _aL01; E70
100 1 _aAnon.
245 1 _aAgroleite: alta qualidade e bons negócios
650 _aEXPOSIÇÃO
650 _aAGRONEGÓCIO
650 _aVACA LEITEIRA
650 _aLEILÃO
773 0 _tBalde Branco (Brazil)
_x
_g(Sep 2003), v. 39(467) p. 64-68
_wBR2013010157
909 _a202311
_bLúcia
_c55
_dLúcia Elande
942 _2AGRIS
_n0
_cANA
999 _c234032
_d234032